[Event "CAN-op"]
[Site "Edmonton CAN"]
[Date "2000.07.14"]
[Round "8"]
[White "Sutton, Jack"]
[Black "Hinds, Riana"]
[Result "0-1"]
[WhiteElo "1331"]
[BlackElo "1295"]
[PlyCount "50"]
[GameId "2160767911694963"]
[EventDate "2000.07.08"]
[EventType "swiss"]
[EventRounds "10"]
[EventCountry "CAN"]

1. e4 d6 2. d4 Nf6 3. Nc3 c6 4. Nf3 Bg4 5. Be2 Bxf3 6. Bxf3 e5 7. O-O Nbd7 8. d5 Be7 9. Be3 O-O 10. b4 a6 11. a3 Nb6 12. Be2 cxd5 13. exd5 Qc7 14. Bxb6 Qxb6 15. Na4 Qc7 16. c4 Ne4 17. Bd3 f5 18. f3 Ng5 19. h4 e4 20. fxe4 fxe4 21. Be2 Nf7 22. g3 Bf6 23. Rc1 Be5 24. Kh2 Qd8 25. c5 Qxh4+ 0-1

[Event "CAN-op"]
[Site "Edmonton CAN"]
[Date "2000.07.14"]
[Round "8"]
[White "Taylor, Ian"]
[Black "Davies, Lucas"]
[Result "0-1"]
[WhiteElo "1304"]
[BlackElo "1810"]
[PlyCount "66"]
[GameId "2160767911694964"]
[EventDate "2000.07.08"]
[EventType "swiss"]
[EventRounds "10"]
[EventCountry "CAN"]

1. Nf3 Nf6 2. g3 e6 3. Bg2 b6 4. Ne5 d5 5. c4 Bb7 6. b3 Bd6 7. Bb2 c6 8. d3 O-O 9. Nd2 Qc7 10. Nef3 Nbd7 11. Qc2 c5 12. e4 d4 13. a3 Ne5 14. Nxe5 Bxe5 15. b4 Rfb8 16. O-O Nd7 17. bxc5 bxc5 18. a4 Bc6 19. Nb3 Bd6 20. a5 a6 21. f4 e5 22. Bc1 Rb7 23. Qa2 Rab8 24. Rb1 Rb4 25. Ba3 R4b7 26. fxe5 Nxe5 27. Bxc5 Nxd3 28. Bxd4 Be5 29. Rfd1 Bxd4+ 30. Nxd4 Qe5 31. Nxc6 Qc5+ 32. Kh1 Rxb1 33. Qe2 Rxd1+ 0-1

[Event "CAN-op"]
[Site "Edmonton CAN"]
[Date "2000.07.14"]
[Round "8"]
[White "Taylor, William"]
[Black "Sullivan, Brian"]
[Result "1-0"]
[WhiteElo "2022"]
[BlackElo "1746"]
[PlyCount "59"]
[GameId "2160767911694965"]
[EventDate "2000.07.08"]
[EventType "swiss"]
[EventRounds "10"]
[EventCountry "CAN"]

1. f4 d5 2. b3 Bf5 3. Bb2 c5 4. e3 e6 5. Nf3 Nf6 6. Bb5+ Nbd7 7. O-O a6 8. Be2 b5 9. a4 b4 10. a5 Bd6 11. Ne5 h5 12. Nxd7 Kxd7 13. Be5 h4 14. d4 Ke7 15. Nd2 Qc7 16. Ra2 cxd4 17. Bxd4 Bc5 18. Nf3 Qa7 19. Bxc5+ Qxc5 20. Qd4 Ne4 21. Qxc5+ Nxc5 22. Nd4 Kf6 23. Nc6 Ne4 24. Bd3 Nc3 25. Rb2 Bxd3 26. cxd3 Rhc8 27. Nxb4 Rc5 28. Ra1 e5 29. fxe5+ Kxe5 30. d4+ 1-0

[Event "CAN-op"]
[Site "Edmonton CAN"]
[Date "2000.07.14"]
[Round "8"]
[White "Thompson, Brent"]
[Black "Osthoff, Dieter"]
[Result "1-0"]
[WhiteElo "1381"]
[BlackElo "1610"]
[PlyCount "89"]
[GameId "2160767911694966"]
[EventDate "2000.07.08"]
[EventType "swiss"]
[EventRounds "10"]
[EventCountry "CAN"]

1. e4 e5 2. Nf3 d6 3. Bc4 h6 4. Nc3 Nf6 5. O-O Nc6 6. d4 Bg4 7. d5 Bxf3 8. Qxf3 Nd4 9. Qd3 a6 10. Ne2 Nxe2+ 11. Qxe2 Be7 12. Re1 a5 13. Bb5+ Nd7 14. Qg4 g6 15. g3 Bf6 16. Be3 Qe7 17. Bd2 b6 18. Bc6 Ra7 19. h4 Kd8 20. h5 g5 21. Be3 Nb8 22. Bb5 Na6 23. Qe2 Nb8 24. g4 Rg8 25. f3 Nd7 26. a3 Qf8 27. b4 axb4 28. axb4 Rxa1 29. Rxa1 Ke7 30. Ra7 Qb8 31. Ra1 Qf8 32. c4 Qg7 33. Qa2 Rb8 34. Qa7 Qf8 35. Qxc7 Qc8 36. Ra7 Qxc7 37. Rxc7 Rd8 38. Bxb6 Bg7 39. Rb7 Rb8 40. Rxd7+ Kf8 41. Rd8+ Rxd8 42. Bxd8 Bh8 43. c5 dxc5 44. bxc5 f6 45. d6 1-0

[Event "CAN-op"]
[Site "Edmonton CAN"]
[Date "2000.07.14"]
[Round "8"]
[White "Van Weeren, Henry"]
[Black "Bestvater, Eric"]
[Result "0-1"]
[WhiteElo "1572"]
[BlackElo "1699"]
[PlyCount "92"]
[GameId "2160767911694967"]
[EventDate "2000.07.08"]
[EventType "swiss"]
[EventRounds "10"]
[EventCountry "CAN"]

1. c4 c5 2. Nc3 Nc6 3. e4 g6 4. b3 Bg7 5. Bb2 d6 6. g3 Nf6 7. Bg2 O-O 8. Nge2 Bd7 9. O-O Qc8 10. d3 Bh3 11. Nd5 Nxd5 12. Bxg7 Kxg7 13. cxd5 Bxg2 14. Kxg2 Ne5 15. Qc2 Qg4 16. f4 Nd7 17. Rf3 b5 18. h3 Qh5 19. Rh1 Rac8 20. g4 Qh4 21. Ng3 Qf6 22. e5 dxe5 23. Ne4 Qb6 24. fxe5 Nxe5 25. Qb2 f6 26. Rg3 Qb7 27. Qe2 Qxd5 28. Kh2 Qd4 29. Re3 Rfd8 30. Rd1 c4 31. bxc4 bxc4 32. Nf2 Kf7 33. dxc4 Qxc4 34. Rxd8 Qxe2 35. Rxe2 Rxd8 36. Ne4 Nc4 37. a4 e6 38. Ra2 f5 39. gxf5 exf5 40. Ng5+ Kg8 41. Nf3 a5 42. Kg2 Rd3 43. Kf2 Ra3 44. Rxa3 Nxa3 45. Nd4 Kf7 46. Ke2 Nc4 0-1

[Event "CAN-op"]
[Site "Edmonton CAN"]
[Date "2000.07.14"]
[Round "8"]
[White "Venning, Ron"]
[Black "Davies, Noam"]
[Result "1-0"]
[WhiteElo "1713"]
[BlackElo "1485"]
[PlyCount "183"]
[GameId "2160767911694968"]
[EventDate "2000.07.08"]
[EventType "swiss"]
[EventRounds "10"]
[EventCountry "CAN"]

1. e4 c5 2. Nc3 e6 3. g3 g6 4. Bg2 Bg7 5. d3 Nc6 6. f4 Nge7 7. Nf3 a6 8. O-O O-O 9. Ne2 d5 10. c3 f5 11. e5 b6 12. d4 c4 13. b3 b5 14. bxc4 dxc4 15. Ba3 Re8 16. Bxe7 Nxe7 17. Ne1 Ra7 18. Nc2 Nd5 19. Qd2 Bb7 20. a3 a5 21. a4 bxa4 22. Rxa4 Nb6 23. Ra2 Bxg2 24. Kxg2 Qd5+ 25. Kg1 Nd7 26. Qe3 Rb8 27. Qf3 Qxf3 28. Rxf3 Bf8 29. Ne3 Nb6 30. g4 fxg4 31. Nxg4 Nd5 32. Ne3 Nxe3 33. Rxe3 a4 34. Ng3 a3 35. Ree2 Bh6 36. Ne4 Bxf4 37. Nd6 Rb3 38. Rec2 Rc7 39. Kg2 Bg5 40. Kf3 Be7 41. Ne4 Rcb7 42. Nd2 Rb2 43. Nxc4 Rxc2 44. Rxc2 Rb3 45. Ke4 Rb1 46. Ra2 Rb8 47. Kd3 Kf8 48. Nd2 Ke8 49. c4 Rd8 50. c5 Bxc5 51. Nb3 Bf8 52. Kc4 h5 53. Nc5 Bxc5 54. Kxc5 Rd5+ 55. Kc4 Ra5 56. Kb4 Ra8 57. Kc3 Rc8+ 58. Kb4 Rd8 59. Kc3 Ra8 60. Kb4 Kd7 61. Kc5 Ra5+ 62. Kb4 Ra8 63. Kc5 Kc7 64. Kb5 Rb8+ 65. Kc5 Rb2 66. Rxa3 Rxh2 67. Ra7+ Kb8 68. Re7 Rc2+ 69. Kb4 Rb2+ 70. Kc3 Rb6 71. Rg7 Rc6+ 72. Kd3 Rc1 73. Rxg6 Rd1+ 74. Kc3 h4 75. Rxe6 h3 76. Rh6 Rh1 77. Kc4 h2 78. Kd5 Kc7 79. e6 Kd8 80. Kd6 Kc8 81. e7 Re1 82. Rxh2 Kb7 83. d5 Kc8 84. Rc2+ Kb7 85. Kd7 Rd1 86. d6 Re1 87. e8=Q Rxe8 88. Kxe8 Kb6 89. d7 Kb7 90. d8=Q Ka6 91. Rb2 Ka7 92. Qa5# 1-0

[Event "CAN-op"]
[Site "Edmonton CAN"]
[Date "2000.07.14"]
[Round "8"]
[White "Watson, Michael"]
[Black "Deimert, David"]
[Result "1-0"]
[WhiteElo "1241"]
[BlackElo "1099"]
[PlyCount "37"]
[GameId "2160767911694969"]
[EventDate "2000.07.08"]
[EventType "swiss"]
[EventRounds "10"]
[EventCountry "CAN"]

1. e4 c5 2. Nf3 d6 3. d4 cxd4 4. Nxd4 Nf6 5. Nc3 g6 6. Be3 Bg7 7. Bc4 Bd7 8. Qd2 Nc6 9. f3 Rc8 10. Bb3 Na5 11. Bh6 O-O 12. Bxg7 Kxg7 13. O-O-O Nxb3+ 14. Nxb3 Qb6 15. g4 a6 16. h4 Bb5 17. h5 Rfd8 18. hxg6 hxg6 19. Qh6+ 1-0

[Event "CAN-op"]
[Site "Edmonton CAN"]
[Date "2000.07.14"]
[Round "8"]
[White "Weis, Rod"]
[Black "Lipnowski, Michael"]
[Result "1-0"]
[WhiteElo "1858"]
[BlackElo "1618"]
[PlyCount "91"]
[GameId "2160767911694970"]
[EventDate "2000.07.08"]
[EventType "swiss"]
[EventRounds "10"]
[EventCountry "CAN"]

1. d4 Nf6 2. c4 g6 3. f3 Bg7 4. e4 d6 5. Nc3 O-O 6. Be3 a5 7. Nge2 c6 8. Qd2 a4 9. a3 e5 10. d5 cxd5 11. Nxd5 Nxd5 12. cxd5 Nd7 13. Qb4 Qe7 14. Rc1 Nf6 15. Nc3 Bd7 16. Bb5 Rfc8 17. O-O Qe8 18. Bxd7 Qxd7 19. Nb5 Ne8 20. Rxc8 Rxc8 21. Qxa4 Nc7 22. Nc3 Qxa4 23. Nxa4 Nb5 24. Rc1 Rxc1+ 25. Bxc1 Kf8 26. Be3 Ke7 27. Nb6 Kd8 28. a4 Nd4 29. Bxd4 exd4 30. Nc4 Kc7 31. Kf1 h6 32. Ke2 h5 33. Kd3 Bf6 34. a5 h4 35. h3 Bg7 36. b4 Bf8 37. Kxd4 f6 38. Nb6 g5 39. Kc4 Be7 40. Kb5 Bd8 41. a6 Kb8 42. axb7 Kxb7 43. Nc4 Bc7 44. Na5+ Kc8 45. Kc6 Kd8 46. Nb7+ 1-0

[Event "CAN-op"]
[Site "Edmonton CAN"]
[Date "2000.07.14"]
[Round "8"]
[White "Winberg, Jim"]
[Black "Gemmell, Ian"]
[Result "1-0"]
[WhiteElo "1750"]
[BlackElo "1344"]
[PlyCount "61"]
[GameId "2160767911694971"]
[EventDate "2000.07.08"]
[EventType "swiss"]
[EventRounds "10"]
[EventCountry "CAN"]

1. e4 e5 2. Nc3 Bb4 3. Nd5 Bc5 4. Nf3 d6 5. b4 Bb6 6. Nxb6 axb6 7. h3 Nf6 8. d3 Be6 9. a3 O-O 10. Bg5 h6 11. Be3 c5 12. Be2 Nc6 13. c3 Ra7 14. O-O Qd7 15. Qd2 Rfa8 16. Qb2 c4 17. Bxb6 Ra4 18. Bd1 cxd3 19. Bxa4 Rxa4 20. Rfe1 d5 21. exd5 Bxd5 22. Nxe5 Nxe5 23. Rxe5 Qd6 24. Bd4 Bc4 25. Rae1 b5 26. Qc1 Nd5 27. Qd1 Nf4 28. Qg4 Ne2+ 29. R5xe2 g6 30. Re8+ Kh7 31. Rh8# 1-0

[Event "CAN-op"]
[Site "Edmonton CAN"]
[Date "2000.07.14"]
[Round "8"]
[White "Xia, Yanchong"]
[Black "Tessier, Olivier"]
[Result "0-1"]
[WhiteElo "1731"]
[BlackElo "2001"]
[PlyCount "98"]
[GameId "2160767911694972"]
[EventDate "2000.07.08"]
[EventType "swiss"]
[EventRounds "10"]
[EventCountry "CAN"]

1. e4 c5 2. Nf3 Nf6 3. e5 Nd5 4. Nc3 e6 5. Nxd5 exd5 6. d4 Nc6 7. c3 Qb6 8. Be2 cxd4 9. cxd4 Bb4+ 10. Bd2 Nxd4 11. O-O Nxe2+ 12. Qxe2 O-O 13. Bxb4 Qxb4 14. Rfd1 d6 15. Rxd5 dxe5 16. Rxe5 Bd7 17. Qd2 Qxd2 18. Nxd2 Rfe8 19. Rae1 Kf8 20. Rxe8+ Rxe8 21. Rxe8+ Kxe8 22. Kf1 Be6 23. a3 Bd5 24. g3 Kd7 25. Ke2 Kd6 26. Kd3 Kc5 27. Kc3 g5 28. Nf1 g4 29. Ne3 Be6 30. Ng2 Kd5 31. b4 Ke4 32. Nh4 b5 33. Kd2 h6 34. Kc3 Bd7 35. Kd2 Be6 36. Kc3 Bc4 37. Kd2 h5 38. Kc3 Be6 39. Kd2 Kd4 40. f3 Kc4 41. Kc2 Bd5 42. f4 Bc6 43. Kb2 Be4 44. f5 Bc6 45. Kc2 Be4+ 46. Kb2 a6 47. f6 Kd4 48. a4 Kc4 49. Ka3 Kc3 0-1

[Event "CAN-op"]
[Site "Edmonton CAN"]
[Date "2000.07.14"]
[Round "8"]
[White "Yamach, Ahmet"]
[Black "Campbell, John"]
[Result "1-0"]
[WhiteElo "2022"]
[BlackElo "1455"]
[PlyCount "79"]
[GameId "2160767911694974"]
[EventDate "2000.07.08"]
[EventType "swiss"]
[EventRounds "10"]
[EventCountry "CAN"]

1. d4 Nf6 2. c4 g6 3. Nc3 Bg7 4. Nf3 d6 5. e3 O-O 6. Be2 Nbd7 7. O-O e5 8. d5 a5 9. e4 Nc5 10. Bg5 Qd7 11. Nd2 Ne8 12. Be3 b6 13. Nb3 f5 14. Nxc5 bxc5 15. exf5 Rxf5 16. Bg4 Qf7 17. Bxf5 Qxf5 18. Qd2 Bd7 19. f3 Nf6 20. a4 Ne8 21. Nb5 Qf7 22. Rae1 Bf5 23. f4 e4 24. h3 Nf6 25. g4 Nxg4 26. hxg4 Bxg4 27. Rf2 Bf3 28. Rxf3 exf3 29. Kf2 Qd7 30. Qd1 Rf8 31. Qxf3 Bxb2 32. Kg2 Rf7 33. Qh3 Qe7 34. Qe6 Qf8 35. Bd2 Qg7 36. Qc8+ Rf8 37. Qxc7 Qf6 38. Qxd6 Qh4 39. Qe6+ Kg7 40. Qe7+ 1-0

[Event "CAN-op"]
[Site "Edmonton CAN"]
[Date "2000.07.14"]
[Round "8"]
[White "Yoos, John"]
[Black "Gardner, Robert"]
[Result "1-0"]
[WhiteElo "2373"]
[BlackElo "2221"]
[PlyCount "85"]
[GameId "2160767911694975"]
[EventDate "2000.07.08"]
[EventType "swiss"]
[EventRounds "10"]
[EventCountry "CAN"]
[SourceTitle "EXT 2001"]
[Source "ChessBase"]
[SourceDate "2000.11.22"]
[SourceVersion "1"]
[SourceVersionDate "2000.11.22"]
[SourceQuality "1"]

1. e4 c5 2. Nf3 d6 3. d4 cxd4 4. Nxd4 Nf6 5. Nc3 a6 6. Bg5 e6 7. f4 Be7 8. Qf3 Qc7 9. O-O-O Nbd7 10. Qg3 b5 11. Bxf6 Nxf6 12. e5 dxe5 13. fxe5 Nd7 14. Bxb5 O-O 15. Bxd7 Bxd7 16. Ne4 Ba4 17. Rd3 Rfd8 18. Rc3 Qb7 19. Nf6+ Kh8 20. Qh4 Bxf6 21. exf6 Qxg2 22. Re1 e5 23. fxg7+ Kg8 24. Nb3 Bxb3 25. axb3 Rd2 26. h3 Rad8 27. Qh5 Qf2 28. Qxe5 R2d5 29. Qe4 Qd2+ 30. Kb1 Ra5 31. Qh1 Rg5 32. Qf1 Rg2 33. Rc1 Re2 34. Rc7 f5 35. Rc4 Rd5 36. Rc8+ Kxg7 37. Qg1+ Rg2 38. Qa7+ Rd7 39. Qc5 Kg6 40. Rg8+ Rg7 41. Rxg7+ Kxg7 42. Qxf5 Rg5 43. Qc8 1-0

[Event "CAN-op"]
[Site "Edmonton CAN"]
[Date "2000.07.15"]
[Round "8"]
[White "Kekely, John"]
[Black "Nishida, Harold"]
[Result "1/2-1/2"]
[WhiteElo "1799"]
[BlackElo "2037"]
[PlyCount "140"]
[GameId "2160767911694977"]
[EventDate "2000.07.08"]
[EventType "swiss"]
[EventRounds "10"]
[EventCountry "CAN"]

1. e4 c5 2. Nf3 d6 3. Bb5+ Bd7 4. Bxd7+ Qxd7 5. O-O g6 6. c3 Bg7 7. d4 e6 8. Qe2 Ne7 9. Rd1 Qc7 10. Be3 O-O 11. Nbd2 Nd7 12. a4 Rac8 13. Rac1 h6 14. Nc4 d5 15. exd5 Nxd5 16. g3 Nxe3 17. Nxe3 cxd4 18. Nxd4 a6 19. b4 Ne5 20. c4 Rfd8 21. c5 Nc6 22. Nxc6 Qxc6 23. Rxd8+ Rxd8 24. b5 axb5 25. axb5 Qe4 26. c6 bxc6 27. bxc6 Rc8 28. Qa6 Rc7 29. Qa8+ Kh7 30. Rc4 Qf3 31. Qa6 Be5 32. Qa5 f6 33. Qb5 g5 34. Qb1+ Kg7 35. Qb5 Kf7 36. Qb1 Kg7 37. Qb5 Qe2 38. Qb1 Qd2 39. Qb5 Qd6 40. Qb1 Rxc6 41. Qb7+ Rc7 42. Qb3 Rxc4 43. Qxc4 h5 44. Qe4 f5 45. Qb7+ Qc7 46. Qb3 Qc6 47. Qa3 Kf7 48. Qb3 Kg6 49. Qd1 Bf6 50. Qd3 Qf3 51. Qd7 f4 52. Qd3+ Kf7 53. Qd7+ Be7 54. Nc4 Qd5 55. Qa4 Qd4 56. Qc2 Kf6 57. Qe2 Bc5 58. Nd2 Kf5 59. Nf3 Qe4 60. Qxe4+ Kxe4 61. Nxg5+ Kf5 62. gxf4 e5 63. Nf3 e4 64. Ne1 h4 65. Kg2 Kxf4 66. h3 Bd6 67. Nc2 Bc5 68. Ne1 Ke5 69. Nc2 Kd5 70. Ne1 Ke5 1/2-1/2

[Event "CAN-op"]
[Site "Edmonton CAN"]
[Date "2000.07.15"]
[Round "9"]
[White "Alipour, Iraj"]
[Black "Faust, Steven"]
[Result "1/2-1/2"]
[WhiteElo "1579"]
[BlackElo "1874"]
[PlyCount "67"]
[GameId "2160767911694978"]
[EventDate "2000.07.08"]
[EventType "swiss"]
[EventRounds "10"]
[EventCountry "CAN"]

1. b3 e5 2. Bb2 Nc6 3. g3 Nf6 4. Bg2 d6 5. d3 g6 6. Nd2 Bg7 7. e3 O-O 8. Ne2 Qe7 9. O-O Rb8 10. Nc3 a6 11. Nd5 Nxd5 12. Bxd5 Nb4 13. Bg2 Bd7 14. a3 Nc6 15. e4 f5 16. Nc4 Rf7 17. exf5 Bxf5 18. Ne3 Be6 19. Nd5 Qd7 20. Rb1 Ne7 21. Nxe7+ Qxe7 22. Bc1 b6 23. a4 a5 24. Qe1 Rbf8 25. h4 Kh8 26. c4 Qd7 27. Be3 c5 28. Qd2 d5 29. Rbd1 Qc6 30. Bh6 Rd7 31. Bxg7+ Kxg7 32. Qg5 Rf5 33. Qc1 Qc7 34. Qb2 1/2-1/2

[Event "CAN-op"]
[Site "Edmonton CAN"]
[Date "2000.07.15"]
[Round "9"]
[White "Allan, Phillip"]
[Black "Kekely, John"]
[Result "1-0"]
[WhiteElo "2037"]
[BlackElo "1799"]
[PlyCount "81"]
[GameId "2160767911694979"]
[EventDate "2000.07.08"]
[EventType "swiss"]
[EventRounds "10"]
[EventCountry "CAN"]

1. Nf3 Nf6 2. c4 e6 3. g3 b6 4. Bg2 Bb7 5. O-O Be7 6. b3 O-O 7. Bb2 c5 8. d3 d6 9. Na3 Nbd7 10. Nc2 Qc7 11. e3 Rad8 12. Qe2 d5 13. cxd5 exd5 14. Rac1 Qb8 15. d4 Bd6 16. dxc5 bxc5 17. Rfd1 Rfe8 18. Nh4 Bf8 19. Qb5 Ne5 20. Ne1 Re6 21. Bxe5 Rxe5 22. Nd3 Re6 23. Nxc5 Rb6 24. Qd3 Bc8 25. h3 Rbd6 26. Nf5 Bxf5 27. Qxf5 Qb4 28. a3 Qb6 29. b4 g6 30. Qb1 Bg7 31. a4 Ne8 32. a5 Qb5 33. Bf1 Qb8 34. Qb3 Nf6 35. Na6 Qb7 36. Rc7 Qa8 37. Bg2 Kf8 38. b5 Kg8 39. e4 Nxe4 40. Bxe4 Re8 41. Bxd5 1-0

[Event "CAN-op"]
[Site "Edmonton CAN"]
[Date "2000.07.15"]
[Round "9"]
[White "Anderson, Ashton"]
[Black "Martin, Steve"]
[Result "1/2-1/2"]
[WhiteElo "1764"]
[BlackElo "1266"]
[PlyCount "63"]
[GameId "2160767911694980"]
[EventDate "2000.07.08"]
[EventType "swiss"]
[EventRounds "10"]
[EventCountry "CAN"]

1. e4 c5 2. Nc3 d6 3. g3 Nc6 4. Bg2 Nf6 5. f4 g6 6. Nf3 Qc7 7. O-O Bg7 8. d3 Bg4 9. h3 Bh5 10. Nd5 Nxd5 11. exd5 Bxf3 12. Bxf3 Nd4 13. Bg2 Nf5 14. Kh2 h5 15. Rb1 b6 16. b4 O-O-O 17. a4 h4 18. g4 Ng3 19. Rf3 f5 20. g5 Qd7 21. a5 bxa5 22. bxa5 Qa4 23. Qd2 Kc7 24. Bb2 Bxb2 25. Rxb2 Rb8 26. Rxb8 Rxb8 27. Re3 Kd8 28. Re6 Qa1 29. Re1 Qa2 30. Qe3 Rb7 31. Qe6 Qxa5 32. Qg8+ 1/2-1/2

[Event "CAN-op"]
[Site "Edmonton CAN"]
[Date "2000.07.15"]
[Round "9"]
[White "Arseneau, Peter"]
[Black "Kleist, Carol"]
[Result "1-0"]
[WhiteElo "1896"]
[BlackElo "1607"]
[PlyCount "87"]
[GameId "2160767911694981"]
[EventDate "2000.07.08"]
[EventType "swiss"]
[EventRounds "10"]
[EventCountry "CAN"]

1. e4 e6 2. d4 d5 3. Nc3 Bb4 4. e5 c5 5. a3 Bxc3+ 6. bxc3 Qc7 7. Nf3 cxd4 8. cxd4 Ne7 9. Bd3 Nbc6 10. O-O Bd7 11. Rb1 Na5 12. Bd2 Nc4 13. Bb4 b6 14. Qe2 Nf5 15. Rfc1 a5 16. Be1 Nxa3 17. Rb3 Nc4 18. Rcb1 b5 19. g4 Ne7 20. Ng5 h6 21. Nh3 a4 22. Rc3 O-O 23. g5 Nf5 24. Qg4 Qd8 25. Bxc4 dxc4 26. Bd2 Bc6 27. gxh6 Qh4 28. Rg3 Qxg4 29. Rxg4 Kh8 30. hxg7+ Nxg7 31. Ng5 f6 32. exf6 Rxf6 33. Bf4 Kg8 34. Be5 Rg6 35. f4 Bf3 36. Rg3 Bd5 37. Rxb5 a3 38. Rb8+ Rxb8 39. Bxb8 a2 40. Ra3 c3 41. Kf2 Nf5 42. Be5 Ne7 43. Ke3 Nc6 44. Ra8+ 1-0

[Event "CAN-op"]
[Site "Edmonton CAN"]
[Date "2000.07.15"]
[Round "9"]
[White "Beebe, Greg"]
[Black "Winberg, Jim"]
[Result "1-0"]
[WhiteElo "1861"]
[BlackElo "1750"]
[PlyCount "99"]
[GameId "2160767911694982"]
[EventDate "2000.07.08"]
[EventType "swiss"]
[EventRounds "10"]
[EventCountry "CAN"]

1. e4 e6 2. d4 d5 3. e5 c5 4. c3 Nc6 5. Be3 Qb6 6. Qd2 cxd4 7. cxd4 Bd7 8. Nf3 f6 9. Be2 Qc7 10. Bf4 f5 11. O-O h6 12. Qd1 g5 13. Bxg5 hxg5 14. Nxg5 O-O-O 15. Nf7 Rh7 16. Nxd8 Qxd8 17. Nc3 Qh4 18. h3 Nxd4 19. f4 Nxe2+ 20. Nxe2 Bc6 21. Nd4 Bc5 22. Rc1 Bxd4+ 23. Qxd4 Kb8 24. Qc5 Qd8 25. Rce1 Rh6 26. Rf3 Rg6 27. Rb3 Qe8 28. Ree3 Ne7 29. Rg3 d4 30. Qxd4 Nd5 31. Kh2 Rh6 32. Rg5 Rg6 33. Rbg3 Rxg5 34. Rxg5 Qf7 35. g3 Qh7 36. Qc5 Qf7 37. h4 Ne7 38. h5 a6 39. Kg1 Bd5 40. a3 Bc6 41. h6 Ng6 42. Qf2 Qh7 43. Qh2 Be8 44. Kf2 Bf7 45. Ke3 Be8 46. Rh5 Nh8 47. Rh3 Nf7 48. Qd2 Bc6 49. Qb4 Ka7 50. Qf8 1-0

[Event "CAN-op"]
[Site "Edmonton CAN"]
[Date "2000.07.15"]
[Round "9"]
[White "Bestvater, Eric"]
[Black "Venning, Ron"]
[Result "1-0"]
[WhiteElo "1699"]
[BlackElo "1713"]
[PlyCount "79"]
[GameId "2160767911694984"]
[EventDate "2000.07.08"]
[EventType "swiss"]
[EventRounds "10"]
[EventCountry "CAN"]

1. e4 d5 2. exd5 Qxd5 3. Nc3 Qa5 4. d4 Nf6 5. Nf3 Bf5 6. Bc4 e6 7. Bd2 c6 8. O-O Qc7 9. Ne5 Nbd7 10. Bf4 Nxe5 11. Bxe5 Qd8 12. Bb3 Bd6 13. Bxd6 Qxd6 14. h3 h5 15. Ne2 h4 16. Qd2 O-O-O 17. Rad1 Rdg8 18. c3 g5 19. f3 Nh5 20. Qe3 Rg7 21. Rf2 Kb8 22. Qe5 Qxe5 23. dxe5 Kc7 24. Nc1 Nf4 25. Rfd2 Ng6 26. Re1 Rd8 27. Rxd8 Kxd8 28. a4 Ke7 29. Bc4 Rg8 30. b4 Kd7 31. Nb3 Ne7 32. Nc5+ Kc7 33. Rd1 Nd5 34. Bb3 b6 35. Na6+ Kb7 36. b5 cxb5 37. axb5 Nxc3 38. Rd7+ Kc8 39. Rxa7 Rg7 40. Rc7+ 1-0

[Event "CAN-op"]
[Site "Edmonton CAN"]
[Date "2000.07.15"]
[Round "9"]
[White "Birgani, Farokh"]
[Black "Chiba, James"]
[Result "1-0"]
[WhiteElo "1685"]
[BlackElo "1750"]
[PlyCount "51"]
[GameId "2160767911694985"]
[EventDate "2000.07.08"]
[EventType "swiss"]
[EventRounds "10"]
[EventCountry "CAN"]

1. e4 c5 2. Nf3 d6 3. Bc4 Nf6 4. d3 Bg4 5. Qe2 Nc6 6. Bb5 Qc7 7. Bf4 e5 8. Be3 Be7 9. h3 Bxf3 10. Qxf3 a6 11. Ba4 b5 12. Bb3 a5 13. a4 Rb8 14. g4 O-O 15. axb5 Rxb5 16. Nc3 Rxb3 17. cxb3 Nb4 18. g5 Nd7 19. Qe2 Nb6 20. Nb5 Qb8 21. Rxa5 d5 22. Na7 dxe4 23. dxe4 Rd8 24. O-O Nd3 25. Nc6 Qb7 26. Nxd8 1-0

[Event "CAN-op"]
[Site "Edmonton CAN"]
[Date "2000.07.15"]
[Round "9"]
[White "Blakely, Grant"]
[Black "Deimert, David"]
[Result "1-0"]
[WhiteElo "1147"]
[BlackElo "1099"]
[PlyCount "73"]
[GameId "2160767911694986"]
[EventDate "2000.07.08"]
[EventType "swiss"]
[EventRounds "10"]
[EventCountry "CAN"]

1. e4 c5 2. Nc3 d6 3. Bb5+ Bd7 4. Qe2 a6 5. Ba4 Bxa4 6. Nxa4 b5 7. Nc3 Nf6 8. Nf3 g6 9. d3 Bg7 10. Bg5 O-O 11. O-O Nbd7 12. Nd5 Nxd5 13. exd5 Nf6 14. c4 bxc4 15. Rfe1 cxd3 16. Qxd3 Re8 17. a3 Qb6 18. Ra2 Qb7 19. Qc4 Nxd5 20. b4 cxb4 21. Qe4 bxa3 22. Bd2 Nb4 23. Qxb7 Nxa2 24. Rxe7 Rab8 25. Rxe8+ Rxe8 26. Qxa6 Bb2 27. Qc4 Bc3 28. Bxc3 Nxc3 29. Qxc3 Ra8 30. g3 a2 31. Qa1 f6 32. Nd4 Kf7 33. Ne2 d5 34. Nc3 d4 35. Nxa2 d3 36. Qb2 Rd8 37. Qd2 1-0

[Event "CAN-op"]
[Site "Edmonton CAN"]
[Date "2000.07.15"]
[Round "9"]
[White "Bubar, Rob"]
[Black "Haley, Phil"]
[Result "1-0"]
[WhiteElo "1666"]
[BlackElo "1828"]
[PlyCount "79"]
[GameId "2160767911694987"]
[EventDate "2000.07.08"]
[EventType "swiss"]
[EventRounds "10"]
[EventCountry "CAN"]

1. e4 d5 2. exd5 Qxd5 3. Nc3 Qa5 4. Nf3 Nf6 5. d4 Bf5 6. Bd3 Bxd3 7. Qxd3 e6 8. O-O Nbd7 9. Bd2 c6 10. Ne4 Qc7 11. c4 Be7 12. h3 h6 13. b4 O-O 14. a3 Rad8 15. Qc2 Nxe4 16. Qxe4 Nf6 17. Qc2 Bd6 18. Qc1 Kh7 19. Re1 Nd7 20. c5 Be7 21. Bf4 Qc8 22. Re3 Nf6 23. Qc2+ Kg8 24. Re5 Rd5 25. Rd1 Rfd8 26. Qc1 Kh7 27. g4 Ng8 28. h4 g6 29. Kg2 Kg7 30. Qc2 R8d7 31. h5 Rxe5 32. Nxe5 Bf6 33. hxg6 Bxe5 34. Bxe5+ f6 35. Bd6 Rd8 36. f4 e5 37. f5 exd4 38. Qc4 Rf8 39. Bxf8+ Qxf8 40. Qxd4 1-0

[Event "CAN-op"]
[Site "Edmonton CAN"]
[Date "2000.07.15"]
[Round "9"]
[White "Campbell, Jamie"]
[Black "Buitendyk, Theo"]
[Result "1-0"]
[WhiteElo "1436"]
[BlackElo "1731"]
[PlyCount "63"]
[GameId "2160767911694988"]
[EventDate "2000.07.08"]
[EventType "swiss"]
[EventRounds "10"]
[EventCountry "CAN"]

1. e4 c5 2. Nf3 d6 3. d3 Nf6 4. g3 Nc6 5. Bg2 Qb6 6. O-O Bg4 7. h3 Bh5 8. g4 Nxg4 9. hxg4 Bxg4 10. Kh2 h5 11. Rh1 Ne5 12. Nbd2 g5 13. Kg1 c4 14. Nxc4 Nxc4 15. dxc4 O-O-O 16. Qd4 Qxd4 17. Nxd4 Bd7 18. Bxg5 f6 19. Be3 e5 20. Nb5 a6 21. Nc3 f5 22. Nd5 Bh6 23. Bb6 Rdg8 24. Ne7+ Kb8 25. Nxg8 Rxg8 26. Kf1 Bc6 27. Rxh5 Bg5 28. Rd1 fxe4 29. Rxd6 Be7 30. Re6 Bd8 31. Bxd8 Rxd8 32. Rxc6 1-0

[Event "CAN-op"]
[Site "Edmonton CAN"]
[Date "2000.07.15"]
[Round "9"]
[White "Campbell, John"]
[Black "Goutor, Evgeni"]
[Result "1/2-1/2"]
[WhiteElo "1455"]
[BlackElo "1702"]
[PlyCount "59"]
[GameId "2160767911694989"]
[EventDate "2000.07.08"]
[EventType "swiss"]
[EventRounds "10"]
[EventCountry "CAN"]

1. e4 d6 2. Nf3 Nf6 3. Nc3 g6 4. d4 Bg7 5. Be2 O-O 6. O-O c5 7. dxc5 dxc5 8. Qxd8 Rxd8 9. Bf4 a6 10. Rad1 Rxd1 11. Rxd1 Nc6 12. h3 b5 13. e5 Nd7 14. Ne4 c4 15. e6 fxe6 16. c3 h6 17. Be3 Kf7 18. Nd4 Nxd4 19. Bxd4 Bxd4 20. Rxd4 Nf6 21. Nc5 Ra7 22. Bf3 Rc7 23. Ne4 Nxe4 24. Bxe4 Rd7 25. Rxd7 Bxd7 26. Kf1 Kf6 27. Ke2 g5 28. Ke3 e5 29. Kf3 a5 30. a3 1/2-1/2